Matthias Erzberger: der grosse Mann des Parlamentarismus und der Finanzreform

Պահպանված է:
Մատենագիտական մանրամասներ
Հիմնական հեղինակ: Eschenburg, Theodor (Հեղինակ)
Ձևաչափ: Գիրք
Լեզու:գերմաներեն
Հրապարակվել է: Múnich R. Piper 1973
Շարք:Piper, 39
Խորագրեր:
Ցուցիչներ: Ավելացրեք ցուցիչ
Չկան պիտակներ, Եղեք առաջինը, ով նշում է այս գրառումը!

MARC

LEADER 00000nam a2200000 a 4500
001 UCN9901
003 CL-VaPUC
008 011221e19730000GW |||||||||||||||||ger|d
082 0 4 |a 320.092  |b ESC  |2 21 
100 0 |a Eschenburg, Theodor  |e author  |9 466385 
245 1 0 |a Matthias Erzberger: der grosse Mann des Parlamentarismus und der Finanzreform 
300 |a 180 p 
942 |c BK 
945 |d 20011221 00:00:00  |a crobeson 
260 |a Múnich  |b R. Piper  |c 1973 
600 0 7 |a ERZBERGER, MATTHIAS  |2 CL-VaPUC  |9 466386 
650 7 |a POLITICOS - BIOGRAFIAS  |2 CL-VaPUC  |9 464014 
650 0 |a Parlamentarismo  |9 315379 
650 7 |a REFORMA ECONOMICA  |2 CL-VaPUC  |9 257533 
651 0 |a Alemania  |9 255688 
583 |a last modification  |c 20011221 00:00:00  |k Rodrigo Vera 
490 0 |a Piper, 39 
999 |c 298997  |d 298995 
952 |0 0  |1 0  |4 0  |6 320_092000000000000_ESC_1973  |7 0  |8 A  |9 355118  |a BIBHIS  |b BIBHIS  |d 2019-11-21  |i 3754367  |o 320.092 ESC 1973  |p 3754367  |r 2025-01-20  |w 2019-11-21  |y BK  |k HIS